000 00367nam a22001337a 4500
003 SGT
020 _a9788128865049
082 _a080
_bP11V
100 _aवर्मा, सतीश
245 _aपाकिस्तान की हकीकत से रूबरू
260 _b डायमंड बुक्स
_c2011
300 _a204
942 _2ddc
_cBK
999 _c31495
_d31495